[Event "Lima Silicio op 2nd"]
[Site "Lima"]
[Date "2023.03.05"]
[Round "6"]
[White "Araoz Andrade, Ivan Alexander"]
[Black "Sinti Pio, Jesus Moises"]
[Result "1/2-1/2"]
[WhiteElo "1995"]
[BlackElo "1910"]
[PlyCount "56"]
[EventDate "2023.03.03"]
[EventType "swiss"]
[EventRounds "7"]
[EventCountry "PER"]
[SourceTitle "CBM 213 Extra"]
[Source "ChessBase"]
[SourceDate "2023.05.31"]
[SourceVersion "1"]
[SourceVersionDate "2023.05.31"]
[SourceQuality "1"]

1. d4 e6 2. c4 f5 3. g3 Nf6 4. Bg2 d5 5. Nf3 Bd6 6. Nc3 0-0 7. Bf4 Be7 8. Rc1 c6 9. Qb3 Nbd7 10. Ne5 Nh5 11. Bf3 Nxf4 12. gxf4 Nf6 13. Rg1 dxc4 14. Qxc4 Qb6 15. Nd3 Nd5 16. e3 Bf6 17. Kf1 Kh8 18. Kg2 Qd8 19. Kh1 a5 20. Rg2 a4 21. Rcg1 b5 22. Qxc6 Bd7 23. Qd6 Be7 24. Qe5 Bf6 25. Qd6 Be7 26. Qe5 Bf6 27. Qd6 Be7 28. Qe5 Bf6 1/2-1/2

[Event "Pan American-ch U18"]
[Site "Guayaquil"]
[Date "2019.07.27"]
[Round "9"]
[White "Corredor Castellanos, Camilo"]
[Black "Araoz Andrade, Ivan Alexander"]
[Result "0-1"]
[WhiteElo "2052"]
[BlackElo "1829"]
[PlyCount "74"]
[EventDate "2019.07.21"]
[EventType "swiss"]
[EventRounds "9"]
[EventCountry "ECU"]
[SourceTitle "EXT 2020"]
[Source "ChessBase"]
[SourceDate "2019.10.17"]
[SourceVersion "1"]
[SourceVersionDate "2019.10.17"]
[SourceQuality "1"]

1. d4 Nf6 2. c4 g6 3. Nc3 d5 4. cxd5 Nxd5 5. e4 Nxc3 6. bxc3 Bg7 7. Be3 c5 8. Nf3 Qa5 9. Nd2 cxd4 10. Nc4 Qd8 11. cxd4 0-0 12. Rc1 b5 13. Ne5 Bb7 14. f3 e6 15. Qd2 a6 16. Be2 Qd6 17. 0-0 Rd8 18. Qb2 Nd7 19. Nd3 Rac8 20. e5 Qe7 21. a4 Bd5 22. axb5 Rb8 23. Nc5 axb5 24. Ne4 Bxe4 25. fxe4 b4 26. Qb3 Nb6 27. Rc5 Bf8 28. d5 exd5 29. exd5 Qxe5 30. d6 Qe6 31. Qxe6 fxe6 32. Bg4 Re8 33. Rb5 Nd7 34. Rxb8 Nxb8 35. Bc5 Na6 36. d7 Bxc5+ 37. Kh1 Rd8 0-1

[Event "Pan American-ch U18"]
[Site "Guayaquil"]
[Date "2019.07.25"]
[Round "7"]
[White "Nadal, Alan"]
[Black "Araoz Andrade, Ivan Alexander"]
[Result "1/2-1/2"]
[WhiteElo "1953"]
[BlackElo "1829"]
[PlyCount "32"]
[EventDate "2019.07.21"]
[EventType "swiss"]
[EventRounds "9"]
[EventCountry "ECU"]
[SourceTitle "EXT 2020"]
[Source "ChessBase"]
[SourceDate "2019.10.17"]
[SourceVersion "1"]
[SourceVersionDate "2019.10.17"]
[SourceQuality "1"]

1. d4 Nf6 2. c4 g6 3. Nc3 d5 4. cxd5 Nxd5 5. e4 Nxc3 6. bxc3 Bg7 7. Nf3 c5 8. Rb1 0-0 9. Be2 cxd4 10. cxd4 Qa5+ 11. Bd2 Qxa2 12. 0-0 b6 13. Qc1 Bb7 14. Bc4 Qa4 15. Bb5 Qa2 16. Bc4 Qa4 1/2-1/2

[Event "Pan American-ch U18"]
[Site "Guayaquil"]
[Date "2019.07.24"]
[Round "5"]
[White "Araoz Andrade, Ivan Alexander"]
[Black "Galvez Aguirre, Marcelo"]
[Result "1-0"]
[WhiteElo "1829"]
[BlackElo "1481"]
[PlyCount "45"]
[EventDate "2019.07.21"]
[EventType "swiss"]
[EventRounds "9"]
[EventCountry "ECU"]
[SourceTitle "EXT 2020"]
[Source "ChessBase"]
[SourceDate "2019.10.17"]
[SourceVersion "1"]
[SourceVersionDate "2019.10.17"]
[SourceQuality "1"]

1. e4 c5 2. Nf3 Nc6 3. Bb5 d6 4. 0-0 g6 5. Nc3 Bg4 6. h3 Bxf3 7. Qxf3 Bg7 8. e5 Rc8 9. exd6 exd6 10. d4 Nge7 11. d5 a6 12. dxc6 axb5 13. cxb7 Rb8 14. Re1 0-0 15. Bg5 f6 16. Bf4 Qd7 17. Rad1 Nf5 18. Qd5+ Kh8 19. g4 Nd4 20. Bxd6 Qxb7 21. Bxf8 Qxd5 22. Bxg7+ Kxg7 23. Nxd5 1-0

[Event "Pan American-ch U18"]
[Site "Guayaquil"]
[Date "2019.07.23"]
[Round "4"]
[White "Araoz Andrade, Ivan Alexander"]
[Black "Donoso Diaz, Sebastian"]
[Result "1-0"]
[WhiteElo "1829"]
[BlackElo "2239"]
[PlyCount "89"]
[EventDate "2019.07.21"]
[EventType "swiss"]
[EventRounds "9"]
[EventCountry "ECU"]
[SourceTitle "EXT 2020"]
[Source "ChessBase"]
[SourceDate "2019.10.17"]
[SourceVersion "1"]
[SourceVersionDate "2019.10.17"]
[SourceQuality "1"]

1. e4 c5 2. Nf3 e6 3. Nc3 a6 4. Be2 Nc6 5. d4 cxd4 6. Nxd4 Qc7 7. 0-0 Nf6 8. Be3 Be7 9. f4 d6 10. Kh1 0-0 11. Qe1 Bd7 12. Qg3 Kh8 13. Rae1 b5 14. a3 b4 15. axb4 Nxb4 16. e5 Nfd5 17. Bc1 dxe5 18. fxe5 Bc5 19. Nxd5 exd5 20. c3 Bxd4 21. cxd4 Bb5 22. Bxb5 axb5 23. Bd2 Nc6 24. Qh4 Ra4 25. b4 Rfa8 26. Bh6 Qd8 27. Bg5 Qg8 28. Bd2 R8a7 29. Qf4 Nd8 30. Be3 Qe8 31. Qh4 Qg8 32. Qf4 Qe8 33. h4 Kg8 34. h5 R7a6 35. Rc1 Qd7 36. Qf3 Ra3 37. Qe2 Kf8 38. h6 gxh6 39. Rf6 Rxf6 40. exf6 Qe6 41. Bxh6+ Kg8 42. Qxe6 fxe6 43. Rc8 Kf7 44. Rxd8 Kxf6 45. Rf8+ 1-0

[Event "South America-ch U20"]
[Site "Asuncion"]
[Date "2019.05.17"]
[Round "9"]
[White "Avalos Sanabria, Augusto Alfredo"]
[Black "Araoz Andrade, Ivan Alexander"]
[Result "0-1"]
[WhiteElo "1474"]
[BlackElo "1843"]
[PlyCount "48"]
[EventDate "2019.05.11"]
[EventType "swiss"]
[EventRounds "9"]
[EventCountry "PAR"]
[SourceTitle "CBM 190 Extra"]
[Source "ChessBase"]
[SourceDate "2019.07.15"]
[SourceVersion "1"]
[SourceVersionDate "2019.07.15"]
[SourceQuality "1"]

1. e4 c5 2. Nf3 d6 3. d4 cxd4 4. Nxd4 Nf6 5. Nc3 a6 6. f3 e5 7. Nde2 Be6 8. Be3 h5 9. Bg5 Nbd7 10. h4 Be7 11. Qd2 b5 12. a3 Qb6 13. Be3 Qb7 14. Ng3 g6 15. Bd3 Nb6 16. b3 Rc8 17. 0-0 0-0 18. Bg5 Nh7 19. Nce2 Bxg5 20. hxg5 Qe7 21. Qa5 Qa7 22. Bxb5 Nc4+ 23. Kh1 Nxa5 24. Bd3 h4 0-1

[Event "South America-ch U20"]
[Site "Asuncion"]
[Date "2019.05.15"]
[Round "7"]
[White "Cosme Contreras, Trilce"]
[Black "Araoz Andrade, Ivan Alexander"]
[Result "1-0"]
[WhiteElo "2051"]
[BlackElo "1843"]
[PlyCount "63"]
[EventDate "2019.05.11"]
[EventType "swiss"]
[EventRounds "9"]
[EventCountry "PAR"]
[SourceTitle "CBM 190 Extra"]
[Source "ChessBase"]
[SourceDate "2019.07.15"]
[SourceVersion "1"]
[SourceVersionDate "2019.07.15"]
[SourceQuality "1"]

1. d4 Nf6 2. c4 g6 3. Nc3 d5 4. cxd5 Nxd5 5. e4 Nxc3 6. bxc3 Bg7 7. Nf3 c5 8. Rb1 0-0 9. Be2 cxd4 10. cxd4 Qa5+ 11. Bd2 Qxa2 12. 0-0 Nc6 13. d5 Ne5 14. Nxe5 Bxe5 15. Bb4 Bf6 16. f4 Rd8 17. Bf3 a5 18. Bc5 e5 19. Qc1 Qa4 20. Qa3 Qe8 21. Bb6 Rd6 22. Qc5 Qe7 23. Bc7 Rd7 24. d6 Qe6 25. f5 Qa2 26. Rbe1 g5 27. Be2 a4 28. Bc4 Qd2 29. Rd1 Rxc7 30. Qxc7 Qe3+ 31. Kh1 b5 32. Qxf7+ 1-0

[Event "Wch U16"]
[Site "Porto Carras"]
[Date "2018.10.20"]
[Round "1"]
[White "Araoz Andrade, Ivan Alexander"]
[Black "Szpar, Milosz"]
[Result "0-1"]
[WhiteElo "1919"]
[BlackElo "2328"]
[PlyCount "120"]
[EventDate "2018.10.20"]
[EventType "swiss"]
[EventRounds "11"]
[EventCountry "GRE"]
[SourceTitle "CBM 187 Extra"]
[Source "ChessBase"]
[SourceDate "2018.11.04"]
[SourceVersion "1"]
[SourceVersionDate "2018.11.04"]
[SourceQuality "1"]

1. e4 c5 2. Nf3 Nc6 3. Bb5 d6 4. d4 cxd4 5. Nxd4 Bd7 6. 0-0 Nf6 7. Re1 e6 8. c4 a6 9. Bxc6 bxc6 10. Nc3 Be7 11. e5 dxe5 12. Nf3 e4 13. Ne5 Qc7 14. Nxd7 Qxd7 15. Qxd7+ Nxd7 16. Nxe4 Ne5 17. b3 Nd3 18. Rd1 0-0-0 19. Kf1 f5 20. Ng3 Rd7 21. Ke2 Rhd8 22. Rb1 g6 23. f3 e5 24. Nh1 Kb7 25. h3 a5 26. g3 g5 27. Be3 f4 28. Bd2 Bb4 29. Bxb4 axb4 30. g4 Kb6 31. Ra1 Rd4 32. Kf1 Kc5 33. Rd2 e4 34. fxe4 Rxe4 35. Nf2 Red4 36. Re2 Nxf2 37. Kxf2 Rd2 38. Rae1 R8d3 39. Kg1 Rxe2 40. Rxe2 Re3 41. Rh2 h6 42. Kf1 Rc3 43. Ke1 Kd4 44. h4 Rc1+ 45. Kd2 Ra1 46. Rh3 Rxa2+ 47. Kd1 Rg2 48. hxg5 hxg5 49. Rh6 Kc5 50. Rf6 Rxg4 51. Kd2 Rg3 52. Kc2 Rc3+ 53. Kb2 Kd4 54. Rg6 f3 55. Rxg5 f2 56. Rf5 Ke3 57. c5 Ke2 58. Re5+ Re3 59. Rh5 f1Q 60. Rh2+ Kd3 0-1

[Event "Pan American-ch U20"]
[Site "Guayaquil"]
[Date "2018.06.24"]
[Round "9"]
[White "Zambrano Acebo, Jean Carlos"]
[Black "Araoz Andrade, Ivan Alexander"]
[Result "1-0"]
[WhiteElo "2152"]
[BlackElo "1868"]
[PlyCount "87"]
[EventDate "2018.06.19"]
[EventType "swiss"]
[EventRounds "9"]
[EventCountry "ECU"]
[SourceTitle "EXT 2019"]
[Source "ChessBase"]
[SourceDate "2018.10.10"]
[SourceVersion "1"]
[SourceVersionDate "2018.10.10"]
[SourceQuality "1"]

1. Nf3 c5 2. c4 d6 3. g3 g6 4. Bg2 Bg7 5. d4 cxd4 6. Nxd4 Qb6 7. Nb5 Bd7 8. N1c3 Bxb5 9. Nxb5 Nc6 10. 0-0 a6 11. Be3 Qd8 12. Nd4 Rc8 13. Qa4 Bxd4 14. Bxd4 e5 15. Bc3 Nge7 16. Rad1 0-0 17. Bxc6 Nxc6 18. Qa3 Qg5 19. Rxd6 h5 20. f4 Qg4 21. fxe5 Qxe2 22. Qc5 Ne7 23. Qf2 Qxf2+ 24. Rxf2 Rc7 25. Rfd2 Nf5 26. Rd7 Rxc4 27. Rxb7 h4 28. Kf2 g5 29. Rdd7 Nh6 30. Kg2 Re4 31. Kf3 Ra4 32. a3 g4+ 33. Kf2 Re4 34. gxh4 Rf4+ 35. Kg2 Nf5 36. Bd2 Re4 37. Rb4 Nxh4+ 38. Kf2 f5 39. Rbb7 Rc8 40. Rg7+ Kf8 41. Bb4+ Rxb4 42. axb4 Rc2+ 43. Kg3 Nf3 44. e6 1-0

[Event "Pan American-ch U20"]
[Site "Guayaquil"]
[Date "2018.06.23"]
[Round "7"]
[White "Avila Pavas, Santiago"]
[Black "Araoz Andrade, Ivan Alexander"]
[Result "1-0"]
[WhiteElo "2278"]
[BlackElo "1868"]
[PlyCount "71"]
[EventDate "2018.06.19"]
[EventType "swiss"]
[EventRounds "9"]
[EventCountry "ECU"]
[SourceTitle "EXT 2019"]
[Source "ChessBase"]
[SourceDate "2018.10.10"]
[SourceVersion "1"]
[SourceVersionDate "2018.10.10"]
[SourceQuality "1"]

1. Nf3 c5 2. b3 d6 3. d4 cxd4 4. Nxd4 Nf6 5. e3 a6 6. c4 e6 7. Be2 Be7 8. 0-0 0-0 9. Nc3 d5 10. cxd5 exd5 11. Bb2 Nc6 12. Rc1 Be6 13. Nxc6 bxc6 14. Na4 Bd7 15. Qd4 Re8 16. Rfd1 Rb8 17. Bxa6 Rb4 18. Qc3 Rh4 19. Bf1 Bb4 20. Qc2 Ng4 21. Rd4 Nxh2 22. Rxb4 Rxb4 23. Kxh2 Re6 24. Kg1 Rh6 25. Bxg7 Kxg7 26. Qc3+ Qf6 27. Qxb4 Rh4 28. Qc3 d4 29. exd4 Qh6 30. f3 Rh1+ 31. Kf2 Qh4+ 32. Ke2 Qe7+ 33. Qe3 Qa3 34. Rc2 h6 35. Qe5+ f6 36. Qc5 1-0

[Event "Pan American-ch U20"]
[Site "Guayaquil"]
[Date "2018.06.20"]
[Round "2"]
[White "Araoz Andrade, Ivan Alexander"]
[Black "Lu, Maximillian"]
[Result "0-1"]
[WhiteElo "1868"]
[BlackElo "2204"]
[PlyCount "96"]
[EventDate "2018.06.19"]
[EventType "swiss"]
[EventRounds "9"]
[EventCountry "ECU"]
[SourceTitle "EXT 2019"]
[Source "ChessBase"]
[SourceDate "2018.10.10"]
[SourceVersion "1"]
[SourceVersionDate "2018.10.10"]
[SourceQuality "1"]

1. e4 c5 2. Nf3 d6 3. Nc3 Nf6 4. e5 dxe5 5. Nxe5 a6 6. a4 Nbd7 7. Nc4 Nb6 8. Qf3 Nbd5 9. Ne3 Nxe3 10. dxe3 Qc7 11. Bc4 Bg4 12. Qg3 Qxg3 13. hxg3 Bf5 14. Nd5 Rd8 15. Nxf6+ gxf6 16. c3 Bc2 17. Ke2 e6 18. b3 Rg8 19. Ra2 Be4 20. f3 Bc6 21. Kf2 Bd6 22. g4 Be5 23. Rd2 b5 24. axb5 axb5 25. Be2 Bxc3 26. Rc2 Bb4 27. Rxh7 Ke7 28. e4 Rc8 29. Be3 Bd7 30. f4 f5 31. Rh5 c4 32. bxc4 fxe4 33. c5 Ba3 34. c6 Rxc6 35. Rxc6 Bxc6 36. Bxb5 Bxb5 37. Rxb5 Rxg4 38. g3 Rg8 39. Bc5+ Bxc5+ 40. Rxc5 Kd6 41. Ra5 f5 42. Re5 Rg7 43. Kg2 Rg4 44. Kf2 Rg8 45. Kg2 Rc8 46. g4 Rg8 47. Ra5 Rxg4+ 48. Kf2 Rxf4+ 0-1

[Event "South America-ch U20"]
[Site "Asuncion"]
[Date "2018.05.24"]
[Round "7"]
[White "Araoz Andrade, Ivan Alexander"]
[Black "Cantero, Rodolfo"]
[Result "1-0"]
[WhiteElo "1771"]
[BlackElo "2068"]
[PlyCount "91"]
[EventDate "2018.05.20"]
[EventType "swiss"]
[EventRounds "9"]
[EventCountry "PAR"]
[SourceTitle "CBM 184 Extra"]
[Source "ChessBase"]
[SourceDate "2018.06.28"]
[SourceVersion "1"]
[SourceVersionDate "2018.06.28"]
[SourceQuality "1"]

1. e4 c5 2. Nf3 d6 3. Nc3 g6 4. d4 cxd4 5. Qxd4 Nf6 6. e5 dxe5 7. Qxd8+ Kxd8 8. Nxe5 Be6 9. Be3 Bg7 10. 0-0-0+ Nfd7 11. Bd4 f6 12. Nxd7 Nxd7 13. Bb5 Kc7 14. Rhe1 Ne5 15. Kb1 g5 16. Ne4 Rad8 17. Bxe5+ fxe5 18. Nxg5 Bf5 19. Bc4 Bf6 20. Ne6+ Bxe6 21. Bxe6 Rd6 22. Bf5 h6 23. c3 Rg8 24. g3 Rf8 25. Be4 Rfd8 26. Kc2 Bg5 27. Rxd6 exd6 28. h4 Be7 29. c4 Kb6 30. Re3 Kc7 31. Rf3 Rf8 32. Rxf8 Bxf8 33. Kd3 a6 34. Bd5 b5 35. b3 Kb6 36. Ke4 bxc4 37. bxc4 Bg7 38. Kf5 e4 39. Kxe4 Kc5 40. g4 Bf6 41. h5 Kb4 42. f4 a5 43. Kf5 Bd4 44. g5 Ka3 45. g6 Kxa2 46. c5+ 1-0

[Event "South America-ch U20"]
[Site "Asuncion"]
[Date "2018.05.22"]
[Round "4"]
[White "Perez, Daniel1111"]
[Black "Araoz Andrade, Ivan Alexander"]
[Result "1-0"]
[WhiteElo "2084"]
[BlackElo "1771"]
[PlyCount "87"]
[EventDate "2018.05.20"]
[EventType "swiss"]
[EventRounds "9"]
[EventCountry "PAR"]
[SourceTitle "CBM 184 Extra"]
[Source "ChessBase"]
[SourceDate "2018.06.28"]
[SourceVersion "1"]
[SourceVersionDate "2018.06.28"]
[SourceQuality "1"]

1. e4 c5 2. Nf3 d6 3. d4 cxd4 4. Nxd4 Nf6 5. f3 Nc6 6. c4 e6 7. Nc3 Be7 8. Be3 0-0 9. Rc1 d5 10. cxd5 exd5 11. exd5 Nxd5 12. Nxd5 Qxd5 13. Nxc6 bxc6 14. Qxd5 cxd5 15. Bd4 Bf5 16. Ba6 Bb4+ 17. Kf2 Rfe8 18. Rc6 h5 19. a3 Bd2 20. Rd1 Bg5 21. Re1 h4 22. g3 hxg3+ 23. hxg3 Rxe1 24. Kxe1 Re8+ 25. Kf2 Bd2 26. Bxa7 Ra8 27. Be3 Ba5 28. Be2 Bd8 29. Bd4 Ra4 30. Ke3 Be7 31. Ra6 Rxa6 32. Bxa6 Kf8 33. Bb5 Bd6 34. f4 f6 35. b4 Kf7 36. Bc5 Bc7 37. Bc6 Ke6 38. a4 g5 39. a5 d4+ 40. Bxd4 Kd6 41. Be4 Ke6 42. Bc6 Be4 43. Bc5 f5 44. a6 1-0

[Event "South America-ch U20"]
[Site "Asuncion"]
[Date "2018.05.20"]
[Round "1"]
[White "Benitez Galeano, Alejandro"]
[Black "Araoz Andrade, Ivan Alexander"]
[Result "1-0"]
[WhiteElo "2139"]
[BlackElo "1771"]
[PlyCount "127"]
[EventDate "2018.05.20"]
[EventType "swiss"]
[EventRounds "9"]
[EventCountry "PAR"]
[SourceTitle "CBM 184 Extra"]
[Source "ChessBase"]
[SourceDate "2018.06.28"]
[SourceVersion "1"]
[SourceVersionDate "2018.06.28"]
[SourceQuality "1"]

1. Nf3 Nf6 2. g3 g6 3. Bg2 Bg7 4. 0-0 0-0 5. c4 d6 6. Nc3 e5 7. d3 Nc6 8. Rb1 a5 9. a3 Re8 10. Nd2 Be6 11. Nd5 Bxd5 12. cxd5 Ne7 13. e4 c6 14. dxc6 Nxc6 15. b4 axb4 16. axb4 b5 17. Re1 Nd7 18. Nf3 Nf8 19. h4 h6 20. Be3 Ne6 21. Qd2 Kh7 22. Rec1 Ncd4 23. Bxd4 exd4 24. Qb2 Qb6 25. Bh3 Rac8 26. h5 g5 27. Bf5+ Kh8 28. Rxc8 Rxc8 29. Qa2 Qc6 30. Bxe6 fxe6 31. Qxe6 Rf8 32. Kg2 Qc2 33. Qb3 Qe2 34. Qd1 Qa2 35. Rc1 g4 36. Nd2 Qf7 37. Qe2 Qxh5 38. Rc6 Be5 39. Kg1 Qg5 40. Nf1 h5 41. Qc2 Qg8 42. Qc1 Qf7 43. Qh6+ Kg8 44. Rc2 Bg7 45. Qg5 Qf3 46. Qd5+ Qf7 47. Qxb5 Be5 48. Qc4 Qxc4 49. dxc4 d3 50. Rd2 Bc3 51. Rxd3 Bxb4 52. Rd5 Bc5 53. Rxh5 Bxf2+ 54. Kg2 Bd4 55. Rf5 Rxf5 56. exf5 Kf7 57. Nh2 Kf6 58. Nxg4+ Kxf5 59. Kf3 Ba1 60. Ne3+ Ke5 61. g4 Bb2 62. c5 d5 63. g5 Bc1 64. g6 1-0

[Event "Wch U16"]
[Site "Montevideo"]
[Date "2017.09.22"]
[Round "7"]
[White "Appoloni, Facundo Jose"]
[Black "Araoz Andrade, Ivan Alexander"]
[Result "1/2-1/2"]
[WhiteElo "1620"]
[BlackElo "1758"]
[PlyCount "59"]
[EventDate "2017.09.17"]
[EventType "swiss"]
[EventRounds "11"]
[EventCountry "URU"]
[SourceTitle "CBM 180 Extra"]
[Source "ChessBase"]
[SourceDate "2017.10.06"]
[SourceVersion "1"]
[SourceVersionDate "2017.10.06"]
[SourceQuality "1"]

1. d4 Nf6 2. c4 e6 3. Nc3 Bb4 4. e3 b6 5. Bd3 Bb7 6. f3 0-0 7. Nge2 Be7 8. Qc2 d6 9. 0-0 Nbd7 10. b3 h6 11. Bb2 e5 12. Rad1 Re8 13. Rfe1 Bf8 14. Ng3 exd4 15. exd4 c5 16. d5 Ne5 17. Bf1 g6 18. Nge4 Nxe4 19. Nxe4 Bg7 20. f4 Ng4 21. h3 Bxb2 22. Qxb2 f5 23. Nxd6 Qxd6 24. hxg4 Qxf4 25. gxf5 Qxf5 26. Qf2 Qg5 27. Rxe8+ Rxe8 28. Re1 Rf8 29. Qe3 Qf5 30. Qxh6 1/2-1/2

[Event "Wch U16"]
[Site "Montevideo"]
[Date "2017.09.22"]
[Round "6"]
[White "Araoz Andrade, Ivan Alexander"]
[Black "Hafstad, Leif"]
[Result "0-1"]
[WhiteElo "1758"]
[BlackElo "1808"]
[PlyCount "70"]
[EventDate "2017.09.17"]
[EventType "swiss"]
[EventRounds "11"]
[EventCountry "URU"]
[SourceTitle "CBM 180 Extra"]
[Source "ChessBase"]
[SourceDate "2017.10.06"]
[SourceVersion "1"]
[SourceVersionDate "2017.10.06"]
[SourceQuality "1"]

1. d4 Nf6 2. c4 e6 3. Nc3 Bb4 4. Nf3 0-0 5. Bg5 h6 6. Bh4 g5 7. Bg3 Ne4 8. Qc2 d5 9. cxd5 exd5 10. e3 Bf5 11. Bd3 Nd7 12. 0-0 Bxc3 13. bxc3 Nxg3 14. Bxf5 Nxf1 15. Rxf1 c6 16. h4 Kg7 17. c4 Nb6 18. c5 Nc4 19. h5 Qf6 20. Nh2 b6 21. Ng4 Qe7 22. cxb6 axb6 23. e4 Qa3 24. exd5 cxd5 25. Bh7 Qd6 26. f4 gxf4 27. Qf5 Qe6 28. Qxf4 Kxh7 29. Nf6+ Kg7 30. Rf3 Rh8 31. Nxd5 Qxd5 32. Qf6+ Kh7 33. Qe7 Qxd4+ 34. Rf2 Rhf8 35. Qc7 Rxa2 0-1

[Event "Wch U16"]
[Site "Montevideo"]
[Date "2017.09.20"]
[Round "5"]
[White "Lopez, Gonzalo"]
[Black "Araoz Andrade, Ivan Alexander"]
[Result "1-0"]
[WhiteElo "1961"]
[BlackElo "1758"]
[PlyCount "80"]
[EventDate "2017.09.17"]
[EventType "swiss"]
[EventRounds "11"]
[EventCountry "URU"]
[SourceTitle "CBM 180 Extra"]
[Source "ChessBase"]
[SourceDate "2017.10.06"]
[SourceVersion "1"]
[SourceVersionDate "2017.10.06"]
[SourceQuality "1"]

1. d4 Nf6 2. c4 e6 3. Nf3 b6 4. g3 Ba6 5. b3 Bb4+ 6. Bd2 Be7 7. Nc3 Bb7 8. Bg2 0-0 9. Qc2 d5 10. Ne5 Nbd7 11. f4 c5 12. e3 Qc8 13. 0-0 cxd4 14. exd4 Re8 15. h3 a6 16. g4 dxc4 17. Bxb7 Qxb7 18. bxc4 Rac8 19. Rab1 Red8 20. Be3 Qc7 21. Qf2 b5 22. c5 Qa5 23. Nxd7 Rxd7 24. Qb2 Nd5 25. Nxd5 Rxd5 26. Rf2 h6 27. Qb4 Qc7 28. a4 Bh4 29. Rg2 Rb8 30. Qd2 bxa4 31. Ra1 Qc6 32. Qa5 Qb5 33. Qxa4 Qd3 34. Ra3 Rb1+ 35. Kh2 Qf1 36. Rg1 Rb2+ 37. Bf2 Rxf2+ 38. Kh1 Qxh3+ 39. Rxh3 Bf6 40. Qe8+ Kh7 1-0

[Event "Wch U16"]
[Site "Montevideo"]
[Date "2017.09.18"]
[Round "3"]
[White "Gluckman, Paul"]
[Black "Araoz Andrade, Ivan Alexander"]
[Result "0-1"]
[WhiteElo "1849"]
[BlackElo "1758"]
[PlyCount "66"]
[EventDate "2017.09.17"]
[EventType "swiss"]
[EventRounds "11"]
[EventCountry "URU"]
[SourceTitle "CBM 180 Extra"]
[Source "ChessBase"]
[SourceDate "2017.10.06"]
[SourceVersion "1"]
[SourceVersionDate "2017.10.06"]
[SourceQuality "1"]

1. e4 c5 2. Nf3 d6 3. d4 cxd4 4. Nxd4 Nf6 5. Nc3 a6 6. Be2 e5 7. Nb3 Be7 8. 0-0 0-0 9. Kh1 Nbd7 10. f4 b5 11. Nd5 Bb7 12. Qd3 Rc8 13. Bf3 exf4 14. Bxf4 Ne5 15. Qd1 Nxd5 16. exd5 Bf6 17. c3 Nc4 18. Qc1 b4 19. Rb1 Ne5 20. Qd2 Nc4 21. Qd3 Ne5 22. Qd2 Ng6 23. cxb4 Nxf4 24. Qxf4 Be5 25. Qg4 f5 26. Qh5 Rf6 27. g3 Rc2 28. Bg2 Rh6 29. Qxf5 Rxh2+ 30. Kxh2 Qh4+ 31. Qh3 Rxg2+ 32. Kxg2 Bxd5+ 33. Kh2 Bxg3+ 0-1

[Event "Pan American-ch U16"]
[Site "San Jose"]
[Date "2017.07.01"]
[Round "1"]
[White "Donoso Diaz, Sebastian"]
[Black "Araoz Andrade, Ivan Alexander"]
[Result "1/2-1/2"]
[WhiteElo "2187"]
[BlackElo "1694"]
[PlyCount "40"]
[EventDate "2017.07.01"]
[EventType "swiss"]
[EventRounds "9"]
[EventCountry "CRI"]
[SourceTitle "EXT 2022"]
[Source "ChessBase"]
[SourceDate "2021.10.06"]
[SourceVersion "1"]
[SourceVersionDate "2021.10.06"]
[SourceQuality "1"]

1. d4 Nf6 2. c4 e6 3. Nf3 b6 4. g3 Ba6 5. b3 Bb4+ 6. Bd2 Be7 7. Bg2 d5 8. 0-0 0-0 9. Bc3 Nbd7 10. Qc2 Rc8 11. cxd5 exd5 12. Rd1 Bd6 13. Qb2 Re8 14. Ne5 c6 15. e3 Ne4 16. Bh3 Bxe5 17. dxe5 Ndc5 18. f3 Ng5 19. Kg2 Nd3 20. Rxd3 Bxd3 1/2-1/2

[Event "South America-ch U20 13th"]
[Site "Manta"]
[Date "2017.04.29"]
[Round "8"]
[White "Moreno Viteri, Oscar Antonio"]
[Black "Araoz Andrade, Ivan Alexander"]
[Result "1-0"]
[WhiteElo "1695"]
[BlackElo "1647"]
[PlyCount "91"]
[EventDate "2017.04.25"]
[EventType "swiss"]
[EventRounds "9"]
[EventCountry "ECU"]
[SourceTitle "CBM 178 Extra"]
[Source "ChessBase"]
[SourceDate "2017.06.22"]
[SourceVersion "1"]
[SourceVersionDate "2017.06.22"]
[SourceQuality "1"]

1. e4 c5 2. Nf3 d6 3. d4 cxd4 4. Nxd4 Nf6 5. Nc3 a6 6. Be2 e5 7. Nf3 Be7 8. 0-0 0-0 9. Re1 Nbd7 10. h3 b5 11. a3 Bb7 12. Bd3 Nc5 13. b3 Rc8 14. Bb2 Ne6 15. Bf1 Nc5 16. Nd2 Nfd7 17. b4 Ne6 18. a4 bxa4 19. Rxa4 Nb6 20. Ra1 Bg5 21. Bxa6 Bxa6 22. Rxa6 Bxd2 23. Qxd2 Nc4 24. Qc1 Nd4 25. Ra2 f5 26. Nd5 Nb5 27. Qd1 Ra8 28. Rxa8 Qxa8 29. Bc1 Qa7 30. exf5 Nd4 31. Ne3 Qf7 32. g4 g6 33. c3 Nb5 34. Qd3 Rc8 35. fxg6 hxg6 36. Nd5 Rf8 37. Re2 Nba3 38. Bh6 Re8 39. g5 Re6 40. Nf6+ Rxf6 41. gxf6 Qxf6 42. Bc1 Qe6 43. Ra2 Nb5 44. Ra8+ Kg7 45. Qf3 Qf7 46. Bh6+ 1-0

[Event "South America-ch U20 13th"]
[Site "Manta"]
[Date "2017.04.27"]
[Round "4"]
[White "Caceres Limones, Danilo"]
[Black "Araoz Andrade, Ivan Alexander"]
[Result "1-0"]
[WhiteElo "1601"]
[BlackElo "1647"]
[PlyCount "65"]
[EventDate "2017.04.25"]
[EventType "swiss"]
[EventRounds "9"]
[EventCountry "ECU"]
[SourceTitle "CBM 178 Extra"]
[Source "ChessBase"]
[SourceDate "2017.06.22"]
[SourceVersion "1"]
[SourceVersionDate "2017.06.22"]
[SourceQuality "1"]

1. e4 c5 2. Nf3 d6 3. c3 Nf6 4. Be2 Nxe4 5. Qa4+ Nc6 6. Qxe4 d5 7. Qc2 g6 8. 0-0 Bg7 9. Bb5 0-0 10. Bxc6 bxc6 11. d4 Bf5 12. Qa4 Qb6 13. dxc5 Qxc5 14. Be3 Qd6 15. Qa3 Qc7 16. Bc5 Rfe8 17. Re1 Bf6 18. Nbd2 g5 19. Nd4 Bg6 20. Qa6 Qf4 21. Nf1 e5 22. Nxc6 h5 23. Nb4 Rad8 24. Rad1 d4 25. cxd4 exd4 26. Rxe8+ Rxe8 27. Nd5 Re6 28. Qc8+ Kg7 29. Qf8+ Kh7 30. Nxf4 gxf4 31. Bxd4 h4 32. Bxf6 Rxf6 33. Rd8 1-0